Z nowszych badań nad dziejami stosunków agrarnych na Bliskim Wschodzie

Elmentve itt :
Bibliográfiai részletek
Szerző: Reychman Jan
Dokumentumtípus: Cikk
Megjelent: Nakładem Polskiego Tow. Orientalistycznego Kraków 1954
Sorozat:Rocznik orientalistyczny
Kulcsszavak:Keletkutatás, Gazdaságtörténet - Közel-Kelet
Tárgyszavak:
Online Access:http://misc.bibl.u-szeged.hu/62071
LEADER 00864nab a2200229 i 4500
001 misc62071
005 20241004155312.0
008 230531s1954 hu o 000 pol d
040 |a SZTE Miscellanea Repozitórium  |b hun 
041 |a pol 
100 1 |a Reychman Jan 
245 1 0 |a Z nowszych badań nad dziejami stosunków agrarnych na Bliskim Wschodzie  |h [elektronikus dokumentum] /  |c  Reychman Jan 
260 |a Nakładem Polskiego Tow. Orientalistycznego  |b Kraków  |c 1954 
300 |a 453-457  |c 24 cm 
300 |a [5] p.  |c 24 cm 
490 0 |a Rocznik orientalistyczny 
561 |a Németh Gyula hagyaték 
591 |a LOA 3112; NOA 4868 
650 4 |a Bölcsészettudományok 
650 4 |a Történettudomány és régészet 
695 |a Keletkutatás, Gazdaságtörténet - Közel-Kelet 
856 4 0 |u http://misc.bibl.u-szeged.hu/62071/1/4868_noa.pdf  |z Dokumentum-elérés